Maḥberet targume shirah, (Record no. 31729)

MARC details
000 -LEADER
fixed length control field 00573cam a22002051 4500
001 - CONTROL NUMBER
control field he 66000854
003 - CONTROL NUMBER IDENTIFIER
control field DLC
005 - DATE AND TIME OF LATEST TRANSACTION
control field 20260227111438.0
008 - FIXED-LENGTH DATA ELEMENTS--GENERAL INFORMATION
fixed length control field 880517s1965 is 000 0 hebr
010 ## - LIBRARY OF CONGRESS CONTROL NUMBER
LC control number he 66000854
035 ## - SYSTEM CONTROL NUMBER
System control number (OCoLC)17963115
040 ## - CATALOGING SOURCE
Original cataloging agency DLC
Transcribing agency TxU
Modifying agency TxU
-- DLC
050 00 - LIBRARY OF CONGRESS CALL NUMBER
Classification number PN6109.H4
Item number S5
100 1# - MAIN ENTRY--PERSONAL NAME
Personal name Sharett, Moshe,
Dates associated with a name 1894-1965,
Relator term tr.
245 10 - TITLE STATEMENT
Title Maḥberet targume shirah,
Statement of responsibility, etc. me-et Mosheh Sharet.
260 ## - PUBLICATION, DISTRIBUTION, ETC.
Place of publication, distribution, etc. [Tel-Aviv]
Name of publisher, distributor, etc. ʻAm ʻOved
Date of publication, distribution, etc. [1965]
300 ## - PHYSICAL DESCRIPTION
Extent 59 p.
Dimensions 22 cm.
500 ## - GENERAL NOTE
General note Vocalized.
650 #0 - SUBJECT ADDED ENTRY--TOPICAL TERM
Topical term or geographic name entry element Poetry
General subdivision Translations into Hebrew.

No items available.

Powered by Koha